Word Ladder: Don't Overthink It Quiz Stats

 Plays Quiz Updated Apr 1, 2016

Challenge
Share
Tweet
Embed
Score 0/14 Timer 01:00
0 Plays Today
Clue 5-Letter Word % Correct
Symbol made with two crossing linesCROSS
90.8%
Birds frightened by scarecrowsCROWS
90.1%
Half of two grossGROSS
85.4%
Crown Jewels of England itemCROWN
83.5%
Wheatgrass, for exampleGRASS
81.7%
Material in a drinking glassGLASS
81.4%
What C-clamps doCLAMP
79.7%
Clue 5-Letter Word % Correct
Ingredients in clams casinoCLAMS
79.7%
ChampionCHAMP
78.2%
'Head of the Class' groupCLASS
77.6%
Like brown sugarBROWN
77.5%
Fool who might be left holding chump changeCHUMP
74.8%
Brawny person's assetBRAWN
71.9%
Non-fool who might still play a harebrained quizBRAIN
56.5%

Today's Daily Dose

Missing Word
TV HA - HZ

Word Ladder
Nordic Capital

On This Day
January 19th II

You're not logged in!

Compare scores with friends on all Sporcle quizzes.
OR
Log In

You Might Also Like...

Show Comments

Extras

Top Quizzes Today


Score Distribution

Your Account Isn't Verified!

In order to create a playlist on Sporcle, you need to verify the email address you used during registration. Go to your Sporcle Settings to finish the process.

Report this User

Report this user for behavior that violates our Community Guidelines.

Details: